| 000 | 02483cam a2200409 i 4500 | ||
|---|---|---|---|
| 999 |
_c9935 _d9935 |
||
| 001 | 1203957176 | ||
| 003 | OCoLC | ||
| 005 | 20241126110722.0 | ||
| 008 | 201117s2021 miu b 001 0 eng | ||
| 010 | _a2020051887 | ||
| 020 | _a9781540960689 | ||
| 020 | _a1540960684 | ||
| 020 | _a9781540964243 | ||
| 020 | _a1540964248 | ||
| 035 | _a(OCoLC)1203957176 | ||
| 040 |
_aDLC _beng _erda _cDLC _dYDX _dOCLCF _dOCLCO _dUKMGB _dKAT _dBBW _dOCLCQ _dLNT _dNOW _dBBW _dBDX _dBBW _dPTS _dYDX _dWIO _dATH |
||
| 042 | _apcc | ||
| 050 | 0 | 0 |
_aBR118 _b.C48 2021 |
| 050 | 0 | 0 |
_aBR118 _b.C48 2021 |
| 082 |
_a230 _bCLA |
||
| 100 | 1 |
_aClark, John C., _d1970- _eauthor. _917268 |
|
| 245 | 1 | 2 |
_aA call to Christian formation : _bhow theology makes sense of our world / _cJohn C. Clark and Marcus Peter Johnson. |
| 264 | 1 |
_aGrand Rapids, Michigan : _bBaker Academic, a division of Baker Publishing Group, _c[2021] |
|
| 300 |
_axiii, 208 pages ; _c23 cm |
||
| 336 |
_atext _btxt _2rdacontent |
||
| 337 |
_aunmediated _bn _2rdamedia |
||
| 338 |
_avolume _bnc _2rdacarrier |
||
| 504 | _aIncludes bibliographical references and indexes. | ||
| 505 | 0 | 0 |
_gIntroduction: _tTheology: Formed by Christ the Lord -- _tJesus Christ: The Lord and Logos of Christian Theology -- _tFather, Son, and Holy Spirit: The Triune Shape of Christian Theology -- _tBody of Christ: The Ecclesial Context of Christian Theology -- _tHoly and Profane Worship: The Liturgical Cadence of Christian Theology -- _tPostulate of Paradox: The Mysterious Nature of Christian Theology -- _tLiving Forward, Understanding Backward: The Eschatological Tension of Christian Theology -- _gConclusion: _tSix Theses on the Character of Christian Theology. |
| 520 | _aThis book shows that theology is both integrally related to formation in Jesus Christ and shapes our understanding of the world. Christian formation is incomplete and impossible without theological formation, because Christ transforms our hearts and minds, attuning them to the reality of God. As the authors explore the deep connections between theology and the life of the Christian, they emphasize Christian formation as a defining feature of the church, arguing that theology must be integrally connected to the church's traditions and practices. | ||
| 650 | 0 |
_aTheology. _9631 |
|
| 650 | 0 |
_aTheology, Doctrinal. _914 |
|
| 650 | 0 |
_aChristian philosophy. _912128 |
|
| 700 | 1 |
_aJohnson, Marcus Peter, _d1971- _eauthor. _917269 |
|
| 776 | 0 | 8 |
_iEbook version : _z9781493430680 |
| 942 |
_2ddc _cBK |
||